000 01830nam a22004457a 4500
001 BRCA_9320
003 FranzMayer
005 20230918115800.0
008 230823b |||||||| |||| 00| 0 eng d
020 _a9788475068961
040 _aMFM
_besp
_cMFM
050 0 _aTR145.M628
_b.N37 2010
100 1 _4Autor
_aNassar, Issam
_929076
240 _aJardines de arena
_hFotografía comercial en Oriente Próximo 1859-1905
_lEspañol
245 0 _aJardines de arena
_bFotografía comercial en Oriente Próximo 1859-1905
260 _aMéxico
_bTurner
_c2010
300 _a140 p
_bIlustraciones a color
_c29 cm
500 _aAnexo 1
500 _aCubierta en pasta dura y una cubierta de papel que la envuelve
505 _aTexto en: españolTraducido del: inglésIncluye índice temáticoIncluye índice bibliográfico de los fotógrafos cuyas fotos aparecen en el libroDirigido a: fotógrafos, historiadores, trotamundos, arqueólogos.
650 1 _2Fotografía
_aSiglo XIX
_vDécada de 1850
_929077
651 2 _2Fotografía
_aOriente Próximo
_929078
700 1 _4Autor
_aAlmárcegui, Patricia
_929079
700 1 _4Autor
_aWorswick, Clark
_929080
700 1 _4Trad.
_aLorés, Maite
_929081
700 1 _4Fot.
_aAl-Ghaffar, Abd
_929082
700 1 _4Fot.
_aFreres, Abdullah
_929083
700 1 _4Fot.
_aSulayman, Al-Hakin
_929084
700 1 _4Fot.
_aEmile, Béchard
_929085
700 1 _4Fot.
_aMaison, Berggren
_929086
700 1 _4Fot.
_aHild Ullin, Guillaume
_929087
700 1 _4Fot.
_aJoseph, David
_929088
700 1 _4Fot.
_aMaison, Bonfils
_929089
700 1 _4Fot.
_aFrancis Jr, Frith
_929090
700 1 _4Fot.
_aMaison, Garrigues
_929091
700 1 _4Fot.
_aFrank Mason, Good
_929092
700 1 _4Fot.
_aWilhelm, Hammerschmidt
_929093
700 1 _4Fot.
_aOtto, Schoefft
_929094
942 _2lcc
_cB
999 _c10942
_d10942